LEADER 01280nam0-2200409li-450 001 990000242100203316 005 20180312154639.0 010 $a3-527-29512-7 035 $a0024210 035 $aUSA010024210 035 $a(ALEPH)000024210USA01 035 $a0024210 100 $a2001999011998-------y0itay0103----ba 101 0 $aeng 102 $aUS 200 1 $a150 and more basic NMR experiments$ea practical course$fS. Braun, H.-O. Kalinowski, S. Berger 205 $a2nd expanded ed 210 $aWeinheim [etc.]$cWiley-VCH$dcopyr. 1998 215 $a596 p.$cill.$d24 cm 610 1 $achimica analitica 610 1 $aspettroscopia a risonanza magnetica nucleare 676 $a5430877 700 1$aBraun,$bSiegmar$0286958 702 1$aBerger,$bS. 702 1$aKalinowski,$bH.-O. 801 $aSistema bibliotecario di Ateneo dell' Università di Salerno$gRICA 912 $a990000242100203316 951 $a543.087 7 BRA$b24638/CBS$C543.087 7$d00222331 959 $aBK 969 $aSCI 979 $c19990118 979 $c20001110$lUSA01$h1715 979 $c20020403$lUSA01$h1632 979 $aPATRY$b90$c20040406$lUSA01$h1617 979 $aRSIAV6$b90$c20090706$lUSA01$h1054 996 $a150 and more basic NMR experiments$91489499 997 $aUNISA LEADER 02686nam0 22005653i 450 001 LO11068814 005 20251003044214.0 010 $a888325161X 100 $a20060718d2006 ||||0itac50 ba 101 | $aita 102 $ait 181 1$6z01$ai $bxxxe 182 1$6z01$an 183 1$6z01$anc$2RDAcarrier 200 1 $aˆLe ‰strade della violenza$emalviventi e bande di camorra a Napoli$fIsaia Sales$gcon la collaborazione di Marcello Ravveduto 210 $aNapoli$cL'ancora del Mediterraneo$d2006 215 $a308 p.$d21 cm. 225 | $aˆGli ‰alberi$v60 410 0$1001UMC1005847$12001 $aˆGli ‰alberi$v60 606 $aSaggi$2FIR$3SBLC127465$9I 606 $aCamorra$2FIR$3CFIC017967$9E 676 $a364$9Criminologia$v14 676 $a364.1$9Criminologia. Reati penali$v14 676 $a364.106$9CRIMINE ORGANIZZATO$v21 676 $a364.106094572$9CRIMINE ORGANIZZATO. Campania$v21 676 $a364.106094572$9CRIMINE ORGANIZZATO. Campania$v22 696 $aConvegni$aCongressi e convegni 699 $aCongressi$yConvegni 699 $aCongressi$yCongressi e convegni 700 1$aSales$b, Isaia$3RAVV020475$4070$0128368 702 1$aRavveduto$b, Marcello$3FERV071926 801 3$aIT$bIT-000000$c20060718 850 $aIT-BN0095 $aIT-NA0614 $aIT-SA0112 $aIT-NA0299 $aIT-NA0765 $aIT-AV0007 $aIT-NA0018 $aIT-NA0079 $aIT-NA0022 $aIT-CE0127 $aIT-NA0768 $aIT-NA0581 $aIT-NA0230 901 $bNAP CI$cBIBLIOTECA$n$ 901 $bNAP BN$cMAGAZZINO $nmagazzini correnti divisi per anni 901 $bNAP 16$cBIBLIOTECA$nComprende materiale librario e multimediale di vario argomento 901 $bNAP 84$cBIBLIOTECA$n$ 901 $bNAP BJ$cSLR NA $n$ 901 $bNAP CT$cF. CORVESE$nFondo Centro F. Daniele-ICSR Vera Lombardi. Dono di Felicio Corvese 901 $bNAP AG$cIV $n$ 901 $bNAP AV$cSEZ. M $nSezione Moderna 901 $bNAP FC$cFONDO $n$ 901 $bNAP 01$cPOZZO LIB.$nVi sono collocati fondi di economia, periodici di ingegneria e scienze, periodici di economia e statistica e altri fondi comprendenti documenti di economia pervenuti in dono. 901 $bNAP AO$cAFRAGOLA $n$ 901 $bNAP DU$cLEGALITA' $n$ 912 $aLO11068814 950 0$aBiblioteca Centralizzata di Ateneo$c1 v.$d 01POZZO LIB.F. CORTI 550$e 01 0000129245E VMA 1 v.$fB $h20230928$i20230928 977 $a 01$a 16$a 84$a AG$a AO$a AV$a BJ$a BN$a CI$a CT$a DU$a FC$a IR 996 $aStrade della violenza$9770368 997 $aUNISANNIO